Normal view
MARC view
- Machine theory. Formal languages
Entry Topical Term
001 - CONTROL NUMBER
- control field: 267
003 - CONTROL NUMBER IDENTIFIER
- control field: JO-AjAnu
005 - DATE AND TIME OF LATEST TRANSACTION
- control field: 20230606070339.0
008 - FIXED-LENGTH DATA ELEMENTS
- fixed length control field: 230606|| aca||aabn | a|a d
040 ## - CATALOGING SOURCE
- Original cataloging agency: JO-AjAnu
- Transcribing agency: JO-AjAnu
150 ## - HEADING--TOPICAL TERM
- Topical term or geographic name entry element: Machine theory. Formal languages
670 ## - SOURCE DATA FOUND
- Source citation: Work cat.: (JO-AjAnu)139: Lewis,Harry, author 266, Elements of the Theory of Computation